Giáo trình luật tố tụng hình sự Việt Nam

Nội dung quyển sách thể hiện những nội dung của Bộ luật tố tụng hình sự năm 2003 và Bộ luật hình sự năm 1988. Nội dung căn bản của quyển sách đó là qui định trình tự, thủ tục khởi tố, điều tra truy tố, xét xử và thi hành án hình sự;...

Celý popis

Uloženo v:
Podrobná bibliografie
Hlavní autor: Hoàng, Thị Minh Sơn
Médium: Kniha
Jazyk:Undetermined
Vydáno: Hà Nội Công an Nhân dân 2007
Témata:
Tagy: Přidat tag
Žádné tagy, Buďte první, kdo otaguje tento záznam!
Thư viện lưu trữ: Trung tâm Học liệu Trường Đại học Cần Thơ
LEADER 01235nam a2200229Ia 4500
001 CTU_136207
008 210402s9999 xx 000 0 und d
020 |c 54000 
082 |a 345.59705 
082 |b S464/2007 
100 |a Hoàng, Thị Minh Sơn 
245 0 |a Giáo trình luật tố tụng hình sự Việt Nam 
245 0 |c Hoàng Thị Minh Sơn (chủ biên) 
260 |a Hà Nội 
260 |b Công an Nhân dân 
260 |c 2007 
520 |a Nội dung quyển sách thể hiện những nội dung của Bộ luật tố tụng hình sự năm 2003 và Bộ luật hình sự năm 1988. Nội dung căn bản của quyển sách đó là qui định trình tự, thủ tục khởi tố, điều tra truy tố, xét xử và thi hành án hình sự; chức năng, nhiệm vụ quyền hạn và mối quan hệ giữa các cơ quan có thẩm quyền tiến hành tố tụng.... 
650 |a Trung tâm Học liệu ĐHCT,criminal procedure 
650 |x Luật hình sự Việt Nam 
650 |z vietnam 
904 |i Năm 
980 |a Trung tâm Học liệu Trường Đại học Cần Thơ